Jordan algebras and algebraic groups /

Guardado en:
Autor Principal: Springer, T. A. 1926-
Formato: Libro
Idioma:English
Publicado: Berlin : Springer, c1998.
Series:Classics in mathematics,
Etiquetas: Agregar Etiqueta
Sin Etiquetas, Sea el primero en etiquetar este registro!
LEADER 00812nam a22002175a 4500
001 MAT.inmabb000087
008 971107r19981973gw#######b####001#0#eng##
005 20151222183838.0
245 1 0 |a Jordan algebras and algebraic groups /  |c Tonny A. Springer. 
260 |a Berlin :  |b Springer,  |c c1998. 
300 |a vi, 168 p. ;  |c 24 cm. 
440 0 |a Classics in mathematics,  |x 1431-0821 
500 |a "Reprint of the 1973 edition." 
500 |a "Originally published as vol. 75 of the Ergebnisse der Mathematik und ihrer Grenzgebiete". 
504 |a Incluye referencias bibliográficas (p. [167]-168) e índice. 
510 4 |a MR,  |c 98h:17036 
020 |a 3540636323 
100 1 |a Springer, T. A.  |q (Tonny Albert),  |d 1926- 
084 |a 17C99 (20G05)  |2 msc2000 
010 |a  97047102  
859 |h 17  |i Sp769-2  |p A-7786  |b BIB. MATEMATICA